000 00737nam a2200289Ia 4500
005 20260324130644.0
008 008 260324s9999 xx 000 0 eng d
020 _a9780203945537
037 _aEBOOK
040 _aCRL
040 _beng
040 _cCRL
041 _2eng
041 _aeng
084 _qCRL
100 _aMichael Osborne; Kate Sankey; Bruce Wilson
_91182596
245 0 _aSocial Capital, Lifelong Learning and the Management of Place
245 3 _bAn International Perspective
260 _bTaylor and Francis
260 _c2007
365 _a
365 _b300
856 _uhttp://www.taylorfrancis.com/books/9780203945537
942 _cEBOOK
999 _c1778957
_d1778957